90 Spiderman Characters - Statistics

General Stats
  • This quiz has been taken 129 times
  • The average score is 28 of 90
Answer Stats
Hint Answer % Correct
9 Sp//dr
100%
1 Spiderman
94%
19 Gwen Stacy
81%
16 Aunt May
77%
39 GreenGoblin
77%
43 Venom
77%
20 Harry Osborn
76%
42 Doctor Octopus
74%
17 Uncle Ben
73%
12 Miles Morales
70%
28 Peter Parker
70%
18 Mary Jane Watson
69%
53 Sandman
69%
55 The Rhino
68%
44 Carnage
67%
80 Lizard
66%
56 The Vulture
66%
57 Electro
65%
36 Norman Osborn
61%
59 KingPin
56%
73 Mysterio
56%
82 The Scorpion
56%
2 Spiderwoman
53%
25 Eddie Brock
52%
40 HobGoblin
51%
54 The Shocker
51%
22 J Jonah Jameson
48%
23 Flash Thompson
46%
58 Kraven The Hunter
46%
3 Spiderman 2099
45%
74 Black Cat
42%
7 Spider Ham
38%
4 Scarlet Spider
37%
81 The Chameleon
37%
61 Tombstone
36%
5 Spiderman Noir
35%
35 Ned Leeds
34%
38 Otto Octavius
32%
62 Hammerhead
31%
60 Mr Negative
31%
70 Prowler
30%
75 Hydro Man
29%
78 Morbius
28%
24 Betty Brant
27%
83 Jackal
24%
14 Silk
22%
88 The Tinkerer
21%
76 Molten Man
19%
26 Robbie Robertson
19%
10 Spider Punk
18%
6 Ghost Spider
17%
30 Miguel Ohara
17%
8 Peni Parker
17%
46 Scream
15%
87 Silver Sable
14%
47 Toxin
14%
32 Peter Porker
13%
48 Riot
13%
31 Jessica Drew
12%
52 Knull
12%
77 Morlun
11%
21 Liz Allan
10%
33 Cindy Moon
9%
15 Superior Spiderman
9%
72 Jack O Lantern
8%
63 The Beetle
8%
69 Big Wheel
7%
84 SilverMane
7%
71 Speed Demon
7%
41 DemoGoblin
6%
29 Ben Riley
5%
45 Shriek
5%
85 Swarm
5%
49 Agony
4%
65 Boomerang
4%
51 Lasher
4%
79 Mephisto
4%
37 Curtis Connors
3%
11 Cyborg Spiderman
3%
50 Phage
3%
68 Stilt Man
3%
86 Vermin
2%
66 Batroc The leaper
1%
13 Cosmic Spiderman
1%
34 Ganke Lee
1%
90 Human Fly
1%
27 Randy Robertson
1%
89 The Living Brain
1%
64 Lady Beetle
0%
67 Leap Frog
0%
No matching quizzes found
Score Distribution
Percent of People with Each Score
Percentile by Number Answered
Your Score History
You have not taken this quiz